| 000 | 00507nam a2200181Ia 4500 | ||
|---|---|---|---|
| 003 | IN-BaIIA | ||
| 008 | 211028s9999 xx 000 0 eng d | ||
| 040 | _cIIA Library | ||
| 080 |
_a50 _bBOW |
||
| 100 |
_aBowen, R. N. C _93662 |
||
| 245 | 4 |
_aThe exploration of time _cR. N. C. Bowen |
|
| 260 |
_aLondon _bGeorge Newnes _c1958 |
||
| 300 | _avii, 143p. | ||
| 500 | _aContains illustrations | ||
| 650 | _aNASA Thesaurus | ||
| 650 |
_aScience _91299 |
||
| 942 | _cBK | ||
| 999 |
_c1923 _d1923 |
||